000 00818nam a2200265Ia 4500
001 dia_1121
003 CHAP
005 20230120103220.0
008 220117s1973 xx 000 0 und d
010 _a171668
040 _cCHAP
082 _a378.199 L67 1973
100 _aLópez Rubio, Armando
_9141783
245 _aAlgunas consideraciones sobre los Viajes de Estudio /
_c Armando López Rubio
260 _aChapingo, México :
_b ENA. Departamento de Industrias Agrícolas,
_c1973
300 _a26 h.
504 _aBibliografía: p. 12
590 _aLB2361.6 L67 1973
650 _aUniversidades
_xCurrícula
_9150083
650 0 _aUniversities
_9150084
901 _a378.199 L67 1973
902 _aM
905 _a5232271973 MX n 8223223322SPA16
942 _cLIBRO
_2ddc
999 _c171668
_d171668